Central Library OPAC University of Rajshahi

Optimization and approximation / (Record no. 68044)

MARC details
000 -LEADER
fixed length control field 00916nam a2200313 a 4500
001 - CONTROL NUMBER
control field 68044
003 - CONTROL NUMBER IDENTIFIER
rucl marc code BD-RjUL
005 - DATE AND TIME OF LATEST TRANSACTION
control field 20211209081726.0
008 - FIXED-LENGTH DATA ELEMENTS--GENERAL INFORMATION
fixed length control field 170330s1979 enk b 001 0 eng
020 ## - INTERNATIONAL STANDARD BOOK NUMBER
International Standard Book Number 0471997412
035 ## - SYSTEM CONTROL NUMBER
System control number (BD-RjUL)68253
System control number GLIS00076200
040 ## - CATALOGING SOURCE
Original cataloging agency DLC
Transcribing agency DLC
Modifying agency MYG
Language of cataloging eng
041 1# - LANGUAGE CODE
Language code of text/sound track or separate title eng
Language code of original ger
082 ## - DEWEY DECIMAL CLASSIFICATION NUMBER
Edition number 23
Classification number 519.6
Author mark and year KRO 1979
099 ## - LOCAL FREE-TEXT CALL NUMBER (OCLC)
Bangla Class number QA402.5.K713
100 1# - MAIN ENTRY--PERSONAL NAME
Personal name Krabs, Werner,
Dates associated with a name 1934-
9 (RLIN) 201694
245 10 - TITLE STATEMENT
Title Optimization and approximation /
Statement of responsibility, etc. W. Krabs.
260 ## - PUBLICATION, DISTRIBUTION, ETC. (IMPRINT)
Place of publication, distribution, etc. New York :
Name of publisher, distributor, etc. Wiley,
Date of publication, distribution, etc. c1979.
300 ## - PHYSICAL DESCRIPTION
Pagination xii, 220 p. ;
Size 24 cm.
500 ## - GENERAL NOTE
General note "A Wiley-Interscience publication."
General note Translation of Optimierung und Approximation.
General note Includes index.
504 ## - BIBLIOGRAPHY, ETC. NOTE
Bibliography, etc Bibliography: p. [209]-215.
650 #0 - SUBJECT ADDED ENTRY--TOPICAL TERM
Topical term or geographic name as entry element Mathematical optimization.
9 (RLIN) 131906
Topical term or geographic name as entry element Approximation theory.
9 (RLIN) 153079
942 ## - ADDED ENTRY ELEMENTS (KOHA)
Source of classification or shelving scheme Dewey Decimal Classification
Koha item type Books
Holdings
Lost status Source of classification or shelving scheme Damaged status Not for loan Collection code Permanent Location Current Location Shelving location Date acquired Source of acquisition Cost, normal purchase price Total Checkouts Full call number Date last seen Copy number Koha item type
  Dewey Decimal Classification   Not For Loan Non-fiction Central Library, University of Rajshahi Central Library, University of Rajshahi Reading Room 03/10/1983 Tulip Enterprise, Dhaka 52.75   519.6 KRO 1979 30/03/2017 C-1 Books